[Event "IRL-ch"]
[Site "Dublin"]
[Date "2015.07.04"]
[Round "1"]
[White "Mulligan, Scott"]
[Black "O'Donnell, Conor"]
[Result "0-1"]
[WhiteElo "1957"]
[BlackElo "2263"]
[PlyCount "100"]
[EventDate "2015.07.04"]
[EventType "swiss"]
[EventRounds "9"]
[EventCountry "IRL"]
[SourceTitle "CBM 167 Extra"]
[Source "ChessBase"]
[SourceDate "2015.09.14"]
[SourceVersion "1"]
[SourceVersionDate "2015.09.14"]
[SourceQuality "1"]

1. e4 c5 2. Nf3 e6 3. d4 cxd4 4. Nxd4 Nc6 5. Nc3 Qc7 6. Be2 a6 7. 0-0 Nf6 8. Kh1 Nxd4 9. Qxd4 Bc5 10. Qd3 h5 11. f4 d6 12. Be3 b5 13. a3 Bb7 14. Bf3 Ng4 15. Bd4 Kf8 16. Ne2 Rd8 17. Qc3 e5 18. fxe5 Nxe5 19. Nf4 Kg8 20. Nd3 f6 21. Nf4 Qf7 22. Bxe5 fxe5 23. Nh3 Bd4 24. Qa5 Qe7 25. Qd2 Bxb2 26. Ra2 Bd4 27. c3 Bc5 28. a4 Rh6 29. axb5 axb5 30. Qd1 Rf8 31. Ra1 g5 32. Qd2 Rg6 33. Bxh5 Rxf1+ 34. Rxf1 Rg7 35. Qa2+ Kh8 36. Qe2 Bc6 37. Bg4 Rh7 38. Bf5 Rh4 39. g3 Rh6 40. Nf2 Bxf2 41. Qxf2 Rf6 42. Qe2 Qf7 43. Kg1 Qa7+ 44. Kg2 Kg7 45. Qd2 Rxf5 46. Qxd6 Bxe4+ 47. Kh3 Rxf1 48. Qxe5+ Rf6 49. Qxe4 Qd7+ 50. g4 Rh6+ 0-1

[Event "Dublin Masters"]
[Site "Dublin"]
[Date "2014.09.14"]
[Round "4"]
[White "Palmer, Bernard"]
[Black "Mulligan, Scott"]
[Result "1-0"]
[WhiteElo "2048"]
[BlackElo "1876"]
[PlyCount "111"]
[EventDate "2014.09.12"]
[EventType "swiss"]
[EventRounds "5"]
[EventCountry "IRL"]
[SourceTitle "EXT 2023"]
[Source "ChessBase"]
[SourceDate "2022.10.05"]
[SourceVersion "1"]
[SourceVersionDate "2022.10.05"]
[SourceQuality "1"]

1. d4 Nf6 2. c4 g6 3. Nc3 Bg7 4. e4 d6 5. f3 0-0 6. Be3 e5 7. d5 b6 8. Qd2 Nbd7 9. Bd3 a5 10. Nge2 Nc5 11. Bc2 Ne8 12. b3 f5 13. 0-0-0 f4 14. Bf2 Bd7 15. a3 g5 16. h3 h5 17. Kb2 Nf6 18. Ra1 g4 19. hxg4 hxg4 20. Rhb1 g3 21. Bg1 Qe7 22. Nc1 Rfb8 23. b4 Na6 24. Nd3 Be8 25. Kc1 Nd7 26. Ba4 Nf6 27. Bb5 Qd8 28. Ra2 Rb7 29. bxa5 bxa5 30. Rab2 Bxb5 31. cxb5 Nb8 32. a4 Nbd7 33. Rc2 Nb6 34. Nb2 Qf8 35. Ne2 Nxe4 36. fxe4 Bh6 37. Be3 fxe3 38. Qd1 Qf2 39. Qh1 Qf6 40. Qh3 Qg6 41. Ra1 Kg7 42. Qh4 Qg5 43. Qh3 Rf8 44. Nd1 Rf2 45. Kb2 Rf6 46. Kb3 Qg6 47. Ndc3 Rf7 48. Nxg3 Nd7 49. Nf5+ Kh7 50. g4 Nc5+ 51. Ka3 Qg5 52. Rh1 Rxf5 53. gxf5 e2 54. Rxe2 Nxe4 55. Nxe4 Qf4 56. Nf6+ 1-0